000 00611cam a22002173a 4500
001 44861
003 PGUSA
005 20140828084026.0
008 140209s2014||||xxu|||||s|||||000 | eng d
040 _aPGUSA
_beng
042 _adc
050 4 _aAP
245 1 0 _aL'Illustration, No. 2500, 24 Janvier 1891
_h[electronic resource] /
_cVarious
260 _bProject Gutenberg,
_c2014
506 _aPublic domain in the USA.
516 _aElectronic text
653 _aIllustrated periodicals -- France
830 0 _aProject Gutenberg
_v44861
856 4 0 _uhttp://www.gutenberg.org/ebooks/44861
942 _cEB
999 _c274112
_d274112